LIBRARY & INFORMATION CENTRE, KCAET, TAVANUR

ONLINE PUBLIC ACCESS CATALOGUE (OPAC)

Italiyile kathakal / (Record no. 11456)

MARC details
000 -LEADER
fixed length control field 00429cam a2200181ua 4500
041 ## - LANGUAGE CODE
Language code of text/sound track or separate title mal
082 ## - DEWEY DECIMAL CLASSIFICATION NUMBER
Classification number 894.812301
Item number GOR/IT
100 ## - MAIN ENTRY--AUTHOR NAME
Personal name Gorky, Maxim .
245 ## - TITLE STATEMENT
Title Italiyile kathakal /
260 ## - PUBLICATION, DISTRIBUTION, ETC. (IMPRINT)
Place of publication Thrissur :
Name of publisher Current Books ,
Year of publication 1966.
300 ## - PHYSICAL DESCRIPTION
Number of Pages 229 ; .
942 ## - ADDED ENTRY ELEMENTS (KOHA)
Koha item type Books
Holdings
Withdrawn status Lost status Damaged status Home library Current library Date acquired Full call number Accession Number Koha item type Public note
Withdrawn     KAUAET Malayalam University 07/04/2012 894.812301 10675 Books  
Withdrawn     KAUAET Malayalam University 07/04/2012 894.812301 8644 Books Transferred to Malayalam University
free website counter